1513 1249 1716 1805 1775 1785 1989 1543 1615 1979 1389 1964 1936 1460 1371 1511 1054 1293 1534 1620 1687 1015 1853 1250 1212 1966 1493 1219 1187 1170 1336 1442 1442 1161 1834 1285 1186 1196 1859 1507 1676 1673 1401 1598 1572 1147 1450 1299 1326 1870 1242 1681 1456 1467 1323 1386 1446 1168 1952 1436 1534 1433 1173 1877 1192 1660 1901 1863 1217 1671 1303 1540 1116 1596 1474 1593 1615 1993 1757 1288 1616 1383 1289 1874 1575 1047 1602 1626 1296 1787 1253 1779 1404 1658 1640 1110 1895 1773 1739 BCNSPRNW ULIB Ver.6.0+V

เปลี่ยนเป็นภาษาไทย

Change to English
 แสดงรายละเอียดบรรณานุกรม
  กลับหน้าหลัก

Brief Record : Get Marc (ISO 2709) : E-mail record : QR code < ปิดหน้าต่าง
LEADER : 00000nam 2200000uu 4500
001    13399110916
003     ULIB
008    110613s||||||||th 000 0 tha d
020    9749006526
050  4 AC158^bฮ173ว 2546
100    ฮอลตซ์คลอว์, เฟรด
245    วิทยาศาสตร์สิ่งแวดล้อม/ ^cผู้แต่ง ฮอลตซ์คลอว์, เฟรด; แปล ตรัยเทพ เกษศิลป์
246 31 สำรวจโลกวิทยาศาสตร์
260    กรุงเทพฯ : ^bเพียร์สัน เอ็ดดูเคชั่น อินโดไชน่า, ^c2546
300    208 หน้า : ^bภาพประกอบ ; ^c28 ซม.
490    สำรวจโลกวิทยาศาสตร์
650  7 การทดลอง
650  7 สิ่งแวดล้อม
650  7 วิทยาศาสตร์
700    ตรัยเทพ เกษศิลป์, ^eผู้แปล
945    ^p0^l0^i028557
995    ทศพร
999 ^a ใช้งานได้ทุกระบบ
รายการนี้ยังไม่มีแท็ก
คุณยังไม่ได้ล็อกอิน คุณสามารถมีกิจกรรมร่วมกับเว็บไซต์ได้ แต่ต้องล็อกอินก่อน ::
  ล็อกอิน

รายการสื่อสารสนเทศ

ลำดับที่ ประเภท เลขเรียก/บาร์โค้ด สถานที่ สถานะ
- ไม่พบข้อมูล -

รายการใกล้เคียง
    หัวเรื่อง [การทดลอง]
    หัวเรื่อง [สิ่งแวดล้อม]
    หัวเรื่อง [วิทยาศาสตร์]

BibComment


ยังไม่เคยถูกคอมเมนท์

คอมเมนท์ทรัพยากรรายการนี้
  คอมเมนท์: วิทยาศาสตร์สิ่งแว..


 Copyright 2026. Bcnsprnw @Library